000 01306nam a2200349Ia 4500
001 ebr10251667
003 CaPaEBR
006 m u
007 cr cn|||||||||
008 080331s2008 mau sb 001 0 eng d
010 _z 2008013832
020 _z9780262162562
020 _z0262162563
040 _aCaPaEBR
_cCaPaEBR
035 _a(OCoLC)646764017
050 1 4 _aHM1041
_b.P464 2008eb
082 0 4 _a302/.12
_222
100 1 _aPentland, Alex,
_d1952-
245 1 0 _aHonest signals
_h[electronic resource] :
_bhow they shape our world /
_cAlex (Sandy) Pentland ; with Tracy Heibeck.
260 _aCambridge, MA :
_bMIT Press,
_cc2008.
300 _axvii, 184 p.
500 _a"A Bradford book."
504 _aIncludes bibliographical references (p. 165-178) and index.
533 _aElectronic reproduction.
_bPalo Alto, Calif. :
_cebrary,
_d2011.
_nAvailable via World Wide Web.
_nAccess may be limited to ebrary affiliated libraries.
650 0 _aSocial perception.
650 0 _aOrganizational behavior.
650 0 _aBusiness networks.
650 0 _aSocial interaction.
655 7 _aElectronic books.
_2local
710 2 _aebrary, Inc.
856 4 0 _uhttp://site.ebrary.com/lib/rucke/Doc?id=10251667
_zAn electronic book accessible through the World Wide Web; click to view
999 _c35031
_d35031